000 00750nam a2200205Ia 4500
005 20251020182557.0
008 200515s9999 xx 000 0 und d
082 _aSC/301.186:63(728.6)/O36
100 _aGIUSTI, Jorge
245 0 _aFederación sindical agraria nacional (Fesian), de Costa Rica
260 _aGinebra
260 _c1984
300 _a31
520 _aEstudio sobre la Federación Sindical Agraria Nacional (FEISAN), de Costa Rica, forma parte de la serie sobre sindicatos agrarios y se redactó con el propósito de actualizar y difundir el conocimiento acerca de esta organización de trabajadores rurales cos
650 _aAGRICULTURA
650 _aCOSTA RICA
650 _aPUB OIT
650 _aSINDICATOS
942 _cLIB
999 _c2926
_d2926